00742nam a2200241 a 4500001001300000003000900013005001700022008004100039020001000080082001700090100002400107245003800131260004700169300000800216500003500224505005900259650003000318700002400348902000800372942000700380952009800387999001500485nice12345678IN_TiNIC20260116012357.0050524s1940 mada grp 000 0 urd  ac10000a232.904bAKH aAkhter, F Najmuddin aKhufia Shagirdb Secret Disciples aMadrasbChristian Literature Societyc1940 a16p aincludes index and biblioraphy2 amaulana hafiz daraz al-hashiyatah/Al-minhiyal-al-salam aJesus Christ-Discipleship1 aAkhter, F Najmuddin bSRS cBK 00104070aHMIbHMId2007-06-19g100.00l0o232.904 AKHp13477r2007-06-19w2026-01-16yARB c6771d6771